000 00420nam a2200157Ia 4500
008 240126s9999 xx 000 0 und d
041 _aEnglish
082 _aLIBRARY-XIV
245 0 _aPopular Mechanics (1998 -
260 _bHearst Communications
440 _aNULL
520 _aOn-Line: http://www.popularmechanics.com
650 _aMechanical
650 _aPopular,Mechanics,(1998,-,Mechanical
942 _cJN
999 _c273448
_d273448